Score 0/16 Timer 06:00
8 Plays Today
Hint Answer % Correct
The Bhutanese flag, adopted in 1969, displays which mythical creature?dragon
84.7%
Which lake is bordered by Jordan, Israel and Palestine and has shores 429m below sea level, Earth's lowest elevation on land?Dead Sea
82.9%
Which world city's emir is Mohammed bin Rashid Al Maktoum and currently stands as the most expensive city in the Middle East?Dubai
82.7%
Which city is one of the world's oldest continuously inhabited, hosts the Umayyad Mosque and is overlooked by Mount Qasioun?Damascus
73.3%
Which Asian capital, in its history, was previously the capital of British Eastern Bengal and Assam, and of the eastern wing of Pakistan?Dhaka
70.9%
Which city has hosted the 2006 Asian Games and the 2012 UNFCCC Climate Negotiations, and will host the 2022 FIFA World Cup?Doha
68.4%
Bahrain, Iraq, Jordan and Kuwait all use which currency as legal tender?dinar
65%
The UNESCO World Heritage Site of Humayun's Tomb, a Mughal tomb complex built in 1560, is located in which major city?Delhi
62.4%
Hint Answer % Correct
Which city was known as Stalinabad between 1929 and 1961, and transformed by Soviets into a center for cotton and silk production?Dushanbe
47.7%
Presidente Nicolau Lobato, an independence leader, lends his name to the main airport of which Asian capital city?Dili
45.5%
Name either one of the two South Korean 'D' cities with a population of over 1.5 million.Daegu/Daejeon
35.5%
Which shrine was completed in 691 AD and boasts a gold-plated dome measuring 20.2m wide and 20.5m tall?Dome of the Rock
31.8%
What is the capital of the Indonesian island of Bali?Denpasar
27.9%
Which Philippine city is home to the University of Mindanao and the University of Southeastern Philippines?Davao City
27.4%
What currency was adopted in Armenia and the Nagorno-Karabakh Republic following the collapse of the Soviet Union?dram
12.5%
Due to a major earthquake, several historic buildings collapsed on 25 April 2015 in which public square of Kathmandu?Durbar Square
7.8%
Remove Ads.
Support Sporcle.
Get the best of Sporcle when you Go Orange. This ad-free experience offers more features, more stats, and more fun while also helping to support Sporcle. Thank you for becoming a member.

You're not logged in!

Compare scores with friends on all Sporcle quizzes.
OR
Log In

Show Comments

Extras

Top Quizzes Today


Score Distribution

Your Account Isn't Verified!

In order to create a playlist on Sporcle, you need to verify the email address you used during registration. Go to your Sporcle Settings to finish the process.

Report this User

Report this user for behavior that violates our Community Guidelines.

Details: